<?xml version="1.0" encoding="UTF-8"?>
<collection xmlns:xsi="http://www.w3.org/2001/XMLSchema-instance" xsi:schemaLocation="http://www.loc.gov/MARC21/slim http://www.loc.gov/standards/marcxml/schema/MARC21slim.xsd" xmlns="http://www.loc.gov/MARC21/slim">
 <record>
  <leader>00000ccm a22000004a 4500</leader>
  <controlfield tag="001">UP-99796217606620415</controlfield>
  <controlfield tag="003">Buklod</controlfield>
  <controlfield tag="005">20230503092542.0</controlfield>
  <controlfield tag="006">a     r    |||| u|</controlfield>
  <controlfield tag="007">sd |||enn|||||</controlfield>
  <controlfield tag="008">031125s1962    xx |||||||||||||| | eng d</controlfield>
  <datafield tag="035" ind1=" " ind2=" ">
   <subfield code="a">(iLib)UPD-00000409807</subfield>
  </datafield>
  <datafield tag="040" ind1=" " ind2=" ">
   <subfield code="a">DMUS</subfield>
  </datafield>
  <datafield tag="041" ind1=" " ind2=" ">
   <subfield code="a">eng</subfield>
  </datafield>
  <datafield tag="090" ind1=" " ind2=" ">
   <subfield code="a">LP 1459a</subfield>
  </datafield>
  <datafield tag="100" ind1="1" ind2=" ">
   <subfield code="a">Willson, Meredith</subfield>
   <subfield code="d">1902-</subfield>
  </datafield>
  <datafield tag="240" ind1="0" ind2="0">
   <subfield code="a">The music man. Selections</subfield>
  </datafield>
  <datafield tag="245" ind1="1" ind2="0">
   <subfield code="a">The music man</subfield>
   <subfield code="h">[sound recording], original soundtrack</subfield>
   <subfield code="c">Meredith Willson.</subfield>
  </datafield>
  <datafield tag="264" ind1=" " ind2="1">
   <subfield code="a">[U.S.A.]</subfield>
   <subfield code="b">William Bros. Records, Inc.</subfield>
   <subfield code="c">c1962.</subfield>
  </datafield>
  <datafield tag="300" ind1=" " ind2=" ">
   <subfield code="a">1 sound disc</subfield>
   <subfield code="b">33 1`/3 rpm, stereo.</subfield>
   <subfield code="c">12 in.</subfield>
  </datafield>
  <datafield tag="500" ind1=" " ind2=" ">
   <subfield code="a">William Bros. Records: BS-1459.</subfield>
  </datafield>
  <datafield tag="500" ind1=" " ind2=" ">
   <subfield code="a">Program notes in English on slipcase.</subfield>
  </datafield>
  <datafield tag="505" ind1="0" ind2=" ">
   <subfield code="a">Side 1. Main title ; Rock island ; iowa stubborn ; Ya got trouble ; Piano lesson &amp; if you don't mind my saying so ; Goodnight my someone ; Ya got trouble % seventy six trombones ; Sincere ; The sadder but wiser girl ; Pick-a-little, talk-a-little -- Side 2. Marian the librarian ; Being in love ; Gary, Indiana ; The Wells Fargo wagon ; Lida Rose &amp; will I ever tell youn ; Gary, Indiana ; Shipoopi ; Till there was you ; Goodnight my someone ; Seventy six trombones.</subfield>
  </datafield>
  <datafield tag="511" ind1="0" ind2=" ">
   <subfield code="a">Robert Preston with supporting cast and orchestra ; Ray Heindorf, conductor.</subfield>
  </datafield>
  <datafield tag="650" ind1=" " ind2="4">
   <subfield code="a">Musical revues, comedies, etc.</subfield>
   <subfield code="x">Excerpts.</subfield>
  </datafield>
  <datafield tag="650" ind1=" " ind2="4">
   <subfield code="a">Moving picture music</subfield>
   <subfield code="x">Excerpts.</subfield>
  </datafield>
  <datafield tag="700" ind1="1" ind2=" ">
   <subfield code="a">Preston, Robert</subfield>
   <subfield code="d">1918-.</subfield>
  </datafield>
  <datafield tag="700" ind1="1" ind2=" ">
   <subfield code="a">Heindorf, Ray.</subfield>
  </datafield>
  <datafield tag="842" ind1=" " ind2=" ">
   <subfield code="a">Music</subfield>
  </datafield>
  <datafield tag="905" ind1=" " ind2=" ">
   <subfield code="a">FO</subfield>
  </datafield>
  <datafield tag="950" ind1=" " ind2=" ">
   <subfield code="a">Sound recording</subfield>
  </datafield>
  <datafield tag="852" ind1="0" ind2=" ">
   <subfield code="a">UPD</subfield>
   <subfield code="b">DMUS</subfield>
   <subfield code="h">LP 1459a</subfield>
  </datafield>
  <datafield tag="942" ind1=" " ind2=" ">
   <subfield code="a">Music</subfield>
  </datafield>
 </record>
</collection>
